[Event "Olympiad-36"]
[Site "Mallorca"]
[Date "2004.10.26"]
[Round "11"]
[White "Gashimov, Vugar"]
[Black "Smirin, Ilia"]
[Result "0-1"]
[WhiteElo "2586"]
[BlackElo "2673"]
[Annotator "Roiz,M"]
[PlyCount "92"]
[EventDate "2004.10.15"]
[EventType "team-swiss"]
[EventRounds "14"]
[EventCountry "ESP"]
[SourceTitle "CBM 104"]
[Source "ChessBase"]
[SourceDate "2005.01.27"]
[SourceVersion "1"]
[SourceVersionDate "2005.01.27"]
[SourceQuality "1"]
[WhiteTeam "Azerbaijan"]
[BlackTeam "Israel"]
[WhiteTeamCountry "AZE"]
[BlackTeamCountry "ISR"]

1. e4 c5 2. Nf3 Nc6 3. Nc3 Nf6 4. Bb5 Qc7 5. Bxc6 {Quite a rare,but
interesting continuation. White avoids the common lines after 5.0-0 Nd4 6.Re1
a6. This idea is similar to the English, there after the moves 1.c4 e5 2.Nc3
Nf6 3.Nf3 Nc6 4.e3 Bb4 5.Qc2 black usually gets a good play after 5...Bxc3 6.
Qxc3 Qe7.} Qxc6 {The most principal continuation-black prefers to keep a good
pawn structure, although white's development advantage is obvious.} ({Two
other captures looks safer:} 5... dxc6 6. e5 (6. d3 $5 e5 7. h3 Be7 8. O-O O-O
9. Be3) 6... Nd5 7. h3 (7. O-O Bg4 $11) (7. Ne4 Bg4 8. O-O e6 9. c4 Nb4 10. d4
Rd8 11. Qb3 Bxf3 12. gxf3 Rxd4 13. Be3 Rd3 14. Qa4 Na6 $15 {0-1 Carlsen,
M-Nataf,I/Reykjavik ISL 2004/The Week in Chess 488 (48)}) 7... Bf5 8. O-O e6 9.
d3 Nxc3 10. bxc3 Be7 11. c4 b5 12. Qe2 bxc4 13. dxc4 Qa5 14. Bg5 Bxg5 15. Nxg5
Qc3 $15 {0-1 Ivanov,A-Van Wely,L/Tripoli LBA 2004/The Week in Chess 502 (53)})
(5... bxc6 6. e5 (6. d4 $5 cxd4 7. Qxd4 d6 8. Bg5) 6... Ng4 7. Qe2 (7. d4 cxd4
8. Qxd4 d6 9. Bf4 Qb6 10. Qxb6 axb6 11. exd6 exd6 12. O-O f6 13. Nd4 Bd7 14. a4
Kf7 $15 {0-1 Paehtz,E-McShane,L/Lausanne 2003/CBM 98 no vc (39)}) 7... f6 8.
exf6 Nxf6 9. Ne4 e5 10. Nxf6+ gxf6 11. Nh4 d5 12. d3 Rg8 13. Qh5+ Qf7 14. Qxf7+
Kxf7 15. f4 c4 16. dxc4 Ba6 17. fxe5 Bxc4 18. e6+ Kxe6 $11 {1/2-1/2 Macieja,
B-Shirov,A/Reykjavik 2003/CBM 94 (20)}) 6. Qe2 (6. e5 Nd5 7. Ne4 d6 8. O-O Bg4
9. exd6 exd6 10. Re1 Be7 11. Ng3 Nc7 12. d4 Bxf3 13. gxf3 cxd4 14. Nf5 Ne6 15.
Nxd4 Qd7 $11 {0-1 Mrdja,M-Degraeve,J/St Affrique 2003/CBM 95 ext (39)}) 6... d5
$6 $146 {A dubious move, which allows white to seize a dangerous initiative.} (
{The ''quiet''} 6... d6 {leads to a slighty worse,but quite playable position:}
7. d4 Bg4 (7... e6 8. Bg5 Be7 9. O-O-O O-O 10. e5 dxe5 11. dxe5 Nd5 12. Bxe7
Nxe7 13. Rd6 Qc7 14. Rhd1 Nf5 15. R6d2 $14 {1-0 Lupulescu,C-Markos,J/Peniscola
2002/CBM 90 ext (38)}) 8. d5 Qd7 9. h3 Bxf3 10. Qxf3 g6 11. a4 Bg7 12. Bf4 O-O
13. O-O b6 14. Qe3 $14 {1/2-1/2 Holst,A-Lukin,A/Aarhus 1997/EXT 99 (34)}) 7.
Ne5 {The most ambitious continuation - white has to prove, that he has a
serious development advantage.} ({Black gets an excellent French-type position
after:} 7. e5 Nd7 8. d4 b6 9. O-O e6 $15 {[%cal Ga7a5,Gc8a6]}) ({But strongly
looks:} 7. exd5 $5 Nxd5 8. Ne5 Qe6 9. O-O {and I don't see how black can
complete his development without big losses.} Bd7 ({For example:} 9... Nxc3 10.
dxc3 (10. bxc3 $5 b6 11. d4 $36) 10... Bd7 11. Re1 g6 (11... Rd8 12. Bf4 Bc6
13. Nxc6 Qxe2 (13... Qxc6 14. Rad1 Rxd1 15. Rxd1 e6 16. Qe5 $16) 14. Rxe2 bxc6
15. Re4 $16 {[%csl Ra7,Rc5,Rc6]}) 12. Bf4 Bg7 13. Nxd7 Qxe2 14. Rxe2 Kxd7 15.
Rd1+ $16) 10. Re1 Rd8 11. Qc4 Nb4 (11... Nxc3 12. Qxc3 b6 13. d3 $36) 12. Qxc5
Nxc2 13. Nd5 Rc8 14. Nc7+ Rxc7 15. Qxc7 Nxe1 16. Qxb7 $40) 7... Qe6 8. f4 $6 {
In my opinion, this move is too slow and allows black to complete his
development.} ({Much stronger was:} 8. exd5 Nxd5 9. O-O {- see comments to the
previous note.}) 8... dxe4 9. O-O a6 {Black has to avoid a possible threat of
Nc3-b5 in order to complete his development.} (9... Qa6 10. Qe3 e6 11. Nxe4
Nxe4 12. Qxe4 Be7 13. b3 O-O 14. Bb2 $14) 10. b3 g6 ({Deserved attention also
another way of development:} 10... Qd6 $5 11. Kh1 (11. Bb2 $6 Bf5 12. Kh1 {
[%cal Gg2g4]} (12. g4 $2 Nxg4 13. Nxg4 Qg6 $17) 12... h5 $1 $15 (12... e6 $6
13. g4 Bg6 14. g5 Nd5 15. Nxe4 $36)) 11... e6 12. Nxe4 Nxe4 13. Qxe4 Be7 14.
Bb2 O-O $11) 11. Ba3 ({More quiet option was:} 11. Bb2 Bg7 12. Nxe4 Nxe4 13.
Qxe4 O-O 14. Rae1 $11 {with mutual chances.}) 11... Bg7 $5 {Ilya is a very
strong intuitive player, so he sacrifices a pawn for the initiative.} ({
After the simple} 11... b6 12. Nxe4 Nxe4 13. Qxe4 Ra7 14. Qa4+ Bd7 15. Nxd7
Qxd7 16. Qxd7+ Rxd7 17. Bb2 Rg8 $11 {black has nothing to worry about.}) 12.
Bxc5 O-O 13. Rae1 ({Ofcourse,not} 13. Nxe4 $2 Nxe4 14. Qxe4 f6 {loosing a
piece.}) 13... b6 14. Ba3 Bb7 {Now black has changed the concept of his play:
he is trying to exploit the power of his bishop, mainly Bb7 in order to get
compensation for a pawn (The loss of pawn is unavoidable here).} 15. Qc4 {
Now it's not easy to keep control on Pe7, but after the loss of Pe4 black's
Bb7 becomes very strong!} ({Deserved attention} 15. Nc4 $5 Rfd8 16. f5 Qd7 $1 (
16... gxf5 $6 17. Ne3 $36) 17. fxg6 hxg6 18. Qf2 $1 Rab8 $1 $132 {with a very
complicated play.}) 15... Nd5 {It's important to keep the queens on the board.}
16. Qxe4 Rac8 17. Ne2 b5 $44 {Although white has no visible weaknesses, black
has full compensation for a pawn: his bishops are very avtive, while it's not
easy to see a reasonable plan for white, as his monarch feels a pressure of
Bb7.} 18. c4 (18. Kh1 Rc7 {[%cal Gd5f6]} 19. Qd3 (19. Nd4 Qb6 $132) 19... Qb6
$132 {[%cal Gb6a5]}) 18... bxc4 19. bxc4 Qb6+ 20. Kh1 (20. d4 Bxe5 21. cxd5 (
21. fxe5 Rxc4 $15) 21... Bf6 22. Rb1 Qc7 $15 {[%csl Rd4,Rd5]}) 20... Nb4 ({
Nothing promised:} 20... Nc3 $6 21. Qc2 Nxe2 22. Rxe2 {and the exchange is in
white's favour.}) 21. Qb1 $6 {Now the queen is too far away from the kside.} ({
After} 21. Nd7 Qc7 22. Qxe7 Qc6 23. Qg5 Qxd7 24. Bxb4 Rfe8 $44 {Black is at
least not worse, as white's pieces are not coordinated, and Kg1 is weak.}) ({
White should swap the queens:} 21. Qd4 Qxd4 22. Nxd4 Bxe5 23. Rxe5 Rxc4 24.
Rxe7 Bxg2+ 25. Kxg2 Rxd4 26. Bxb4 Rxb4 $11) 21... Bxe5 22. Bxb4 (22. fxe5 Rxc4
23. d3 Rg4 (23... Rh4 $5) 24. Nf4 a5 $36 (24... g5 $6 25. h3 $1 Rg3 26. Qxb4
Bxg2+ 27. Kh2 Qxb4 28. Bxb4 Bxf1 29. Kxg3 gxf4+ 30. Kxf4 Bxd3 31. Bxe7 $11))
22... Bf6 23. d3 $2 {As it usually happens, one move can decide the game in
such a complicated positions. White misses black's next move, after which the
pin will decide the game.} ({The best way was a simplification:} 23. Nc3 Rxc4
24. Bxe7 Qc6 25. Rg1 Rb8 26. Bxf6 Qxf6 $15 {although black's position is
slighty preferable here.}) 23... Rb8 $1 {Suddenly there is no way to avoid a
loss of piece! In fact, white's main problem is a deficit of coordination and
the weakness of his monarch!} 24. d4 Qc6 25. Rf2 Ba8 $19 ({Good enough was also
} 25... Qxc4 26. Rc1 Bxg2+ 27. Rxg2 Rxb4 $19) 26. Qb3 a5 27. d5 Qb6 28. c5 Qxb4
29. Qxb4 Rxb4 {The rest is just an agony, as black is a heavy piece up, while
white's pawns can be easily stopped in the endgame.} 30. c6 e6 (30... Rb2 $19 {
[%csl Rd5][%cal Gb2d2,Gd2d5]}) 31. f5 {Black has a lot of winning
continuations, so it was a right moment for resignation!} gxf5 (31... exd5 32.
fxg6 fxg6 33. Ref1 Be7 34. Rxf8+ Bxf8 35. c7 Bb7 $19) 32. Nf4 Bg5 33. Nh3 Bh6 {
Cutting white's knight.} 34. dxe6 fxe6 35. Rc2 (35. Rxe6 Rb1+ 36. Ng1 Bg7 37.
Rd2 Rc1 $19) 35... Rc8 36. Rxe6 Rb1+ 37. Ng1 Bg7 38. Rd6 Rb6 39. Rd5 a4 40. h4
Rbxc6 41. Rcd2 Rc4 42. Rd8+ Bf8 43. Nh3 Rxd8 44. Rxd8 Bc6 45. Ng5 Rxh4+ 46. Kg1
Rh6 0-1

[Event "Groningen Harmonie"]
[Site "Groningen"]
[Date "2004.12.30"]
[Round "9"]
[White "Nijboer, Friso"]
[Black "Kuzubov, Yuriy"]
[Result "1/2-1/2"]
[WhiteElo "2567"]
[BlackElo "2530"]
[Annotator "Roiz,M"]
[PlyCount "46"]
[EventDate "2004.12.21"]
[EventType "tourn"]
[EventRounds "9"]
[EventCountry "NED"]
[EventCategory "10"]
[SourceTitle "CBM 105"]
[Source "ChessBase"]
[SourceDate "2005.04.11"]
[SourceVersion "1"]
[SourceVersionDate "2005.04.11"]
[SourceQuality "1"]

1. e4 c5 2. Nf3 Nc6 3. Nc3 e5 4. Bc4 d6 5. d3 Be7 6. O-O Nf6 7. Ng5 O-O 8. f4
Bg4 {The last word of theory.} ({According to the modern practice, black faces
a serious problems after:} 8... h6 9. Nf3 exf4 10. Bxf4 Be6 11. Nd5) 9. Qe1 {
The most natural retreat. White leaves the diagonal c1-h6 open for his bishop.}
({The following alternatives doesn't promise much:} 9. Nf3 {-->see comments to
1/2-1/2 Gelfand,B-Leko,P/Budapest 2003/CBM 95/[Gofshtein,L] (29)}) (9. Qd2 {
-->see comments to 0-1 Bruzon,L-Smirnov,P/Tripoli LBA 2004/The Week in Chess
503 (34)}) 9... h6 $6 $146 {A new but hardly successful idea in the well-known
position.} ({The common continuation} 9... exf4 {leads to a very complicated
battle. For example:} 10. Bxf4 Nd4 11. Qd2 Qd7 12. h3 Bh5 13. g4 (13. Kh2 b5
14. Bb3 Nxb3 15. axb3 b4 16. Ne2 d5 $11 {1/2-1/2 Nikolenko,O-Neverov,V/
Czestochowa 1992/TD (22)}) 13... h6 14. gxh5 hxg5 15. Bxg5 Qxh3 16. Qg2 Qxg2+
17. Kxg2 Nxc2 18. Rac1 Nd4 19. h6 Rae8 20. Bd2 {1/2-1/2 Topalov,V-Kramnik,V/
Linares ESP 2004/The Week in Chess 487 (20)}) 10. Nf3 {That natural move is
not bad at all, but white had a very interesting alternative!} ({Very
perspective would be an energetical:} 10. h3 $1 hxg5 ({the point is that after
} 10... Bh5 11. Nf3 Bxf3 12. Rxf3 Nd4 13. Rf2 $14 {[%csl Rg4][%cal Yh3g4] 13...
Ng4 is not possible, so white has a clear positional advantage.}) 11. fxg5 Nd7
(11... Nh7 12. g6 (12. hxg4 Bxg5 13. Nd5 Bxc1 14. Rxc1 $36) 12... Be6 13. gxh7+
Kxh7 14. Qd1 $36 {[%cal Gd1h5,Gc3d5]}) 12. hxg4 $1 ({an effect} 12. Rxf7 {
is not effective enough, as after} Rxf7 13. g6 Bh5 14. Bxf7+ Kh8 15. g4 Nd4 16.
Qd1 Bg5 17. gxh5 Bxc1 18. Rxc1 Qg5+ 19. Kh1 Nf6 $44 {black gets a wonderful
compensation for a pawn.}) 12... Bxg5 13. Nd5 $36) 10... Bxf3 {That exchange
forces white to take with a pawn, but gives him an excellent attacking chances,
since the ''g'' file becomes open and the Bc4 has no opponent.} 11. gxf3 ({
Ofcourse, not} 11. Rxf3 $2 Nd4 12. Rf2 Ng4 $17) 11... Nh5 {Starting a fight
for the dark squares.} 12. Nd5 {Keeping a pressure in the centre.} ({Deserved
attention also:} 12. fxe5 dxe5 13. Nd5 Bh4 (13... Bg5 14. Kh1 Bxc1 15. Rxc1 $14
{[%cal Gf3f4]} Ne7 $140 $6 16. Qh4 $1 Nxd5 17. Qxh5 $16 {[%csl Re5][%cal Gh5e5,
Gf1g1]}) 14. Qd1 Bg5 15. f4 Nxf4 16. Nxf4 exf4 17. Bxf4 $14 {with a clear
advantage, as it looks very dangerous for black to take the pawn:} Bxf4 $140
18. Rxf4 Qd4+ 19. Kh1 Qxb2 20. Rb1 Qe5 21. Rf5 Qe7 22. Qh5 $40) 12... Bh4 13.
Qd1 Kh7 14. f5 {White prefers just to seize a space on the k-sde, intending to
put pressure on Pg7.} ({In my opinion,more perspective would be:} 14. fxe5 dxe5
({even worse is} 14... Nxe5 $2 15. Bb3 $16 {[%cal Gf3f4]}) 15. f4 Nxf4 16. Nxf4
exf4 17. Bxf4 $36 {and white's bishops are especially powerful in this
position.}) 14... Bg5 15. Rf2 $6 {An additional inaccuracy which allows black
to break free from the pressure.} ({Correct was:} 15. Bxg5 $142 Qxg5+ (15...
hxg5 16. Kh1 $16 {[%csl Gc4,Rh7][%cal Gf1g1]}) 16. Kh1 {[%cal Gf1g1]} g6 17.
Rg1 Qd8 18. Qf1 $1 $14 {[%cal Gf1h3] and white is still better.} Ne7 $140 $2
19. Nxe7 Qxe7 20. Bxf7 $1 $18) 15... g6 $1 {White has probably understated the
power of that move. Now black solves all his problems.} 16. Bxg5 Qxg5+ 17. Rg2
Qd8 18. c3 {It looks like now white has to play carefully, since the exchange
on g6 is just not possible from strategical point of view.} ({Another
possibility was:} 18. Kh1 gxf5 19. f4 $1 ({not} 19. exf5 $6 Ne7 $1 $15 {
[%csl Rf4][%cal Yh5f4] and black takes control of important square f4.}) 19...
Nxf4 20. Nxf4 exf4 21. Qh5 Qf6 22. Rag1 {and it looks like white's activity is
sufficient for keeping a ballance. For instance,} Ne5 (22... Ne7 $5) 23. Qxf5+
Qxf5 24. exf5 Rg8 25. Bd5 $11 {but ofcourse, white cannot hope for gaining any
advantage.}) 18... gxf5 19. f4 $1 {An important resourse which allows white to
avoid difficulties.} (19. exf5 $6 Rg8 20. Rxg8 Qxg8+ 21. Kh1 Qg5 $15) 19...
Nxf4 {That leads to an equal endgame.} ({Badly was:} 19... Nf6 $2 20. fxe5 dxe5
21. Qf3 f4 22. Qh3 $40) 20. Nxf4 exf4 21. Qh5 Qf6 22. Qxf5+ Qxf5 23. exf5 Rae8
{Here the draw was agreed.} ({The following variations prove, that white keeps
an equality:} 23... Ne5 24. Bd5 Rg8 25. d4 cxd4 26. cxd4 $132) (23... Rae8 24.
Rf1 Ne5 25. Rxf4 Nxc4 26. dxc4 $11) 1/2-1/2

[Event "Groningen Harmonie"]
[Site "Groningen"]
[Date "2004.12.27"]
[Round "6"]
[White "Visser, Yge"]
[Black "Brandenburg, Daan"]
[Result "1-0"]
[WhiteElo "2451"]
[BlackElo "2340"]
[Annotator "Roiz,M"]
[PlyCount "63"]
[EventDate "2004.12.21"]
[EventType "tourn"]
[EventRounds "9"]
[EventCountry "NED"]
[EventCategory "10"]
[SourceTitle "CBM 105"]
[Source "ChessBase"]
[SourceDate "2005.04.11"]
[SourceVersion "1"]
[SourceVersionDate "2005.04.11"]
[SourceQuality "1"]

1. e4 c5 2. Nf3 Nc6 3. Be2 {A very rare move which looks quite unambitious.
White wants to avoid the ''oficial theory'' as quickly as possible. Yge Visser
has reached an excellent results, using that ''shy'' move in a several moves.}
Nf6 {A natural answer. Black is ready to meet e4-e5 by attacking that pawn.} ({
The normal alternatives are:} 3... e6) (3... g6) (3... d6) 4. e5 {Ofcourse,
only that move allows white to fight for the initiative. However, objectively
that is not a correct sacrifice, so white doesn't get a sufficient
compensation if black defends accurately.} ({The quiet continuations:} 4. d3) (
{and} 4. Nc3 {are totally harmless.}) 4... Ng4 {The most popular-black wins a
pawn but allows white to get a strong pawn's centre.} ({The alternative is:} 
4... Nd5 $5 5. O-O Qc7 6. Na3 $132 {with a very complicated position.}) 5. b4
$1 cxb4 {Black accepts the challenge.} ({At the same time, i don't see real
problems after:} 5... Ngxe5 6. Nxe5 Nxe5 7. bxc5 d5 8. cxd6 (8. d4 $5 Nc6 9.
O-O g6 10. c3 Bg7 11. Re1 O-O 12. Bf3 $132) 8... exd6 9. d4 Nc6 10. O-O Be7 $11
{1/2-1/2 Maldonado,O-Shaked,T/Newark 1995/EXT 2002 (21)}) ({Interesting is also
} 5... d6 $5 6. bxc5 dxe5 7. Bb2 e4 8. Ng5 Nf6 9. Bc4 e6 10. Nc3 Bxc5 11. Ncxe4
Be7 12. Ng3 O-O $11 {1-0 Visser,Y-Piket,J/Eindhoven 1983/EXT 2002 (44)}) 6. d4
d6 {That move is the most principal-black wants to break white's strong pawns
centre. However, that continuation is quite risky, as the position become open,
so white could exploit his development advantage.} ({The alternative is:} 6...
d5 7. a3 e6 8. O-O Nh6 9. Bxh6 gxh6 10. axb4 Nxb4 11. Na3 $44 {0-1 Visser,
Y-Cmiel,T/Dieren 1985/EXT 2002 (37)}) 7. h3 (7. e6 fxe6 8. O-O g6) 7... Nh6 8.
O-O $146 {The dark-squared bishop is very important in this position, so white
shouldn't take on h6. He should try to breakthrough by c2-c4 and d4-d5.} (8.
Bxh6 $6 gxh6 9. e6 $2 fxe6 10. d5 Bg7 $19 {0-1 Mujunen,M-Leino,J/Naantali 1993/
EXT 98 (38)}) 8... e6 ({Ofcourse, badly is:} 8... dxe5 $2 9. d5 $32 {with a
huge development advantage of white.}) 9. c4 {White must play very
energetically in oder to prevent black from consolidating.} Nf5 $5 {Black
makes the 4th move with the same piece, but white cannot exploit that!} ({
In my opinion,he could also play:} 9... bxc3 $142 {(a hard move from
psychological point of view, as black helps white to complete development)} 10.
Nxc3 Nf5 $15 {and white has no sufficient compensation for a pawn, since black
is very solid here.} (10... d5 11. Bg5 Be7 12. Bxh6 gxh6 13. Qd2 $44)) 10. Bb2
dxe5 $1 {Black chooses the most principal moves and fights for an advantage!} (
{The attempt to keep the position closed was:} 10... d5 11. Nbd2 Be7 12. Bd3
O-O 13. Qc2 $44 {and white has a sufficient compensation in view of nice
development and some vulnerablity of Nf5.}) ({But deserved attention} 10... Be7
$5 11. exd6 Bxd6 ({Only not} 11... Qxd6 $6 12. d5 exd5 13. cxd5 $36 Bf6 $140 $2
14. Bxf6 Qxf6 15. dxc6 Qxa1 16. cxb7 Bxb7 17. Qa4+ $18) 12. d5 exd5 13. cxd5
Na5 {with an excellent play. For example:} 14. g4 $140 $6 Ne7 15. Bxg7 Rg8 $36)
11. d5 Ncd4 12. Nxe5 Bc5 {So, black has solved all the problems and he is a
heavy piece up.} ({Less convincing was} 12... Nxe2+ $143 13. Qxe2 Be7 14. Rd1
exd5 15. cxd5 O-O 16. a3 $1 {with some compensation.}) 13. Nd2 Qc7 $6 {Black
doesn't feel the dynamic of this position. The time is usually more important
than a material in that kind of situations!} ({After the most natural} 13...
exd5 14. cxd5 O-O $17 {white could face a serious problems, since black is
developed very well,keeping a heavy extra pawn.}) 14. Nd3 $1 {An excellent
resourse! White is swapping the main defender of the dark-squares.} (14. Ndf3
$2 Nxe2+ 15. Qxe2 Ng3 16. Qd3 (16. Qd2 Nxf1 17. Rxf1 O-O $19) 16... Nxf1 17.
Rxf1 f6 $19) 14... Ng3 $1 {Now white cannot avoid an additional loss of
material.} ({Much worse would be:} 14... Nxe2+ $2 15. Qxe2 Ng3 16. Qg4 Nxf1 17.
Rxf1 {[%csl Rg7] which allowed a dangerous initiative.}) 15. Re1 ({The point
is that after} 15. Bxd4 Bxd4 {[%csl Ra1][%cal Gd4a1] both white's rook are
hanging, so} 16. Re1 Nxe2+ 17. Rxe2 Bxa1 18. Qxa1 O-O $19 {leads to an easy
win of black.}) 15... Ngxe2+ 16. Rxe2 Nxe2+ 17. Qxe2 O-O $8 {That is the only
move, since black cannot allow white to take the Pg7.} 18. Nxc5 $1 ({It looks
like black has considered only:} 18. Ne4 $6 exd5 $1 19. cxd5 (19. Nexc5 dxc4
20. Qe5 Qxe5 21. Nxe5 c3 $19) 19... Bd6 $17 {and white's attacking potential
is not sufficient here.}) 18... Qxc5 19. Ne4 Qe7 $8 {Again the only move!
Black must take control of ''f6'' spot.} 20. d6 Qd8 $1 {Black is on top!} ({
The ''active'' option led to a forced draw after:} 20... Qh4 21. Rd1 Rd8 22.
Qf3 Bd7 23. Nf6+ $1 gxf6 (23... Kh8 24. Nh5 f6 25. Nxf6 Bc6 26. Qe3 gxf6 27. g3
Qh5 (27... Rg8 $5 28. Kh2 Qh5 29. Bxf6+ Rg7 30. Qd4 e5 31. Bxe5 Rag8 $13) 28.
Bxf6+ Kg8 29. Qxe6+ Qf7 30. Qg4+ Qg6 $11) 24. Rd4 $1 Bc6 (24... Qh6 25. Rg4+
Kf8 26. Qg3 $1 $18) 25. Rg4+ Kf8 26. Qf4 e5 27. Bxe5 $1 fxe5 28. Qxe5 Qxg4 29.
hxg4 Kg8 30. Qg5+ $11) 21. d7 Qe7 $4 {An unbelievable mistake! Black just
loses an important tempo which makes his position very dangerous!} ({At the
same time, after} 21... Bxd7 $142 $1 22. Rd1 (22. Nf6+ {doesn't work in view
of:} gxf6 23. Qg4+ Kh8 24. Rd1 Rg8 $19) 22... f6 23. Nc5 Qe7 24. Nxd7 Rfd8 25.
Qd2 Rac8 $17 {i don't see even how white can survive, since the pin is
unavoidable.}) 22. Rd1 $1 {Activating the rook and preventing black from
connecting the rooks at this moment!} ({Much worse would be} 22. dxc8=Q $2
Raxc8 $13) 22... Rd8 ({The loss of important tempo is very significant in the
following variation:} 22... Bxd7 $2 23. Nf6+ gxf6 24. Qg4+ Kh8 25. Rxd7 $18)
23. Qg4 f5 $2 {That is already a decisive mistake which leads to a quick
disaster.} ({The only defence was:} 23... e5 24. dxc8=Q Raxc8 {although after}
25. Rd5 Qe6 (25... f6 26. Nd6 $16) 26. Qg5 $1 f6 27. Qd2 $16 {black faces a
serious problems.}) 24. Nf6+ Kh8 (24... Qxf6 25. Bxf6 fxg4 26. Bxd8 $18) (24...
Kf8 25. Nxh7+ Kg8 26. Nf6+ Kf8 27. Qh4 $18) 25. Qh4 h6 26. Qh5 $1 $18 {[%cal
Gh5e8] Suddenly the threats of 27.Qe8+ and 27.Qg6 are unpreventable, so white
just wins a whole piece.} e5 ({Hopeless was also} 26... Rxd7 27. Rxd7 Bxd7 28.
Qg6 gxf6 29. Bxf6+ Qxf6 30. Qxf6+ Kg8 31. Qg6+ Kf8 32. Qxh6+ $18) 27. Qe8+ Qf8
({Black is not satisfied with} 27... Rxe8 28. dxe8=Q+ Qxe8 29. Nxe8 $18) 28.
Qxf8+ Rxf8 29. d8=Q {But now white is a queen up!} Be6 30. Qe7 Rxf6 31. Bxe5
Rg6 32. Rd6 1-0